FIFA Wereldbeker 2026 teams - Statistieken

Algemene statistieken
  • Deze quiz is 63 keer genomen
  • De gemiddelde score is 28 van 42
Antwoordstatistieken
Group Team % Correct
Groep H Spanje
100%
Groep F Nederland
98%
Groep D Verenigde Staten
98%
Groep I Frankrijk
95%
Groep B Canada
93%
Groep L Engeland
93%
Groep A Mexico
93%
Groep K Portugal
93%
Groep J Argentinië
90%
Groep C Marokko
90%
Groep G België
88%
Groep C Brazilië
88%
Groep F Japan
88%
Groep E Duitsland
86%
Groep I Noorwegen
76%
Groep I Senegal
74%
Groep D Australië
71%
Groep H Uruguay
71%
Groep J Oostenrijk
69%
Groep G Egypte
67%
Groep G Iran
67%
Groep C Schotland
67%
Groep A Zuid-Afrika
64%
Groep A Zuid-Korea
64%
Groep L Kroatië
62%
Groep G Nieuw-Zeeland
62%
Groep K Colombia
57%
Groep E Curaçao
57%
Groep F Tunesië
57%
Groep B Zwitserland
57%
Groep E Ecuador
55%
Groep J Algerije
50%
Groep L Ghana
50%
Groep H Kaapverdië
48%
Groep E Ivoorkust
45%
Groep H Saoedi-Arabië
45%
Groep D Paraguay
43%
Groep C Haïti
38%
Groep L Panama
38%
Groep B Qatar
38%
Groep J Jordanië
26%
Groep K Oezbekistan
24%
Geen overeenkomende quizzen gevonden
Scoreverdeling
Procent van Mensen met Elke Score
Percentiel versus Aantal Correcte Antwoorden
Uw Scoregeschiedenis
U heeft deze quiz nog niet genomen